| 000 | 01201nam a22001577a 4500 | ||
|---|---|---|---|
| 003 | SGT | ||
| 020 | _a8120328620 | ||
| 082 | _a658.4012,GUP | ||
| 100 | _aGUPTA,VIPIN | ||
| 245 | _aBUSINESS POLICY AND STRATEGIC MANAGEMENT: CONCEPTS & APPLICATIONS | ||
| 260 |
_aNEW DELHI _bPHI _c2006 |
||
| 300 | _a611 | ||
| 650 | _aEXECUTIVE MANAGEMENT | ||
| 653 | _aSection A: BUSINESS STRATEGY 1. Business Policy and Strategic Management—An Introduction 2. Strategic Intent 3. Business Strategy Formulation 4. Strategic Functions and Functional Strategies 5. Internal Analysis 6. External Analysis 7. Competitive Gaming Strategy Section B: CORPORATE STRATEGY 8. Corporate Strategy Formulation 9. International Strategies 10. Strategic Organizational Design 11. Learning and Knowledge Organization Strategy 12. Public and Non-profit Organizations’ Strategy 13. Family and Micro Business Strategy 14. Internetworking and E-Business Strategy Section C: ENACTMENT STRATEGY 15. Strategic Business Model 16. Strategic Innovation and Technology Management 17. Strategic Leadership 18. Corporate Governance and Business Ethics 19. Strategic Planning and Change Management 20. Strategic Control | ||
| 942 |
_2ddc _cFCM |
||
| 999 |
_c8977 _d8977 |
||